| Tag |
First Indicator |
Second Indicator |
Subfields |
| LEADER |
00000cam a2200000 a 4500 |
| 001 |
in00000071345 |
| 005 |
20151008062156.0 |
| 008 |
770510s1977 nyua b 00110 engm |
| 010 |
|
|
|a 76042666
|
| 020 |
|
|
|a 0195021509
|
| 035 |
|
|
|a (OCoLC)02789907
|
| 035 |
|
|
|9 AAJ9675AM
|
| 040 |
|
|
|a DLC
|c DLC
|d TXA
|d UtOrBLW
|
| 049 |
|
|
|a TXAM
|c [932614]
|
| 050 |
0 |
0 |
|a PN4162
|b .A6 1977
|
| 082 |
0 |
|
|a 808/.5
|
| 100 |
1 |
|
|a Anderson, Virgil A.
|q (Virgil Antris),
|d 1899-
|
| 245 |
1 |
0 |
|a Training the speaking voice /
|c by Virgil A. Anderson.
|
| 250 |
|
|
|a 3rd ed.
|
| 264 |
|
1 |
|a New York :
|b Oxford University Press,
|c 1977.
|
| 300 |
|
|
|a xiv, 475 pages :
|b illustrations ;
|c 22 cm.
|
| 336 |
|
|
|a text
|b txt
|2 rdacontent
|
| 337 |
|
|
|a unmediated
|b n
|2 rdamedia
|
| 338 |
|
|
|a volume
|b nc
|2 rdacarrier
|
| 500 |
|
|
|a Includes indexes.
|
| 504 |
|
|
|a Bibliography: pages 463-465.
|
| 650 |
|
0 |
|a Voice culture.
|
| 999 |
|
|
|a MARS
|
| 999 |
f |
f |
|s d6202e7d-5648-3929-a9fc-847a0d6d05e3
|i 7b821da1-bc42-3dba-8842-7fec2e793613
|t 0
|
| 952 |
f |
f |
|p ric
|a Texas A&M University
|b Rellis Campus
|c Joint Library Facility
|s JLF
|d Remote Storage
|t 0
|e PN4162 .A6 1977
|h Library of Congress classification
|i unmediated -- volume
|m A14815566149
|
| 998 |
f |
f |
|a PN4162 .A6 1977
|t 0
|l Remote Storage
|